Snow causes major disruption in German construction sector (Record no. 113383)

MARC details
000 -LEADER
fixed length control field 00878cad a22002055a 4500
001 - CONTROL NUMBER
control field L155192
008 - FIXED-LENGTH DATA ELEMENTS--GENERAL INFORMATION
fixed length control field 120309e20120206xxk f 000 0 eng d
035 ## - SYSTEM CONTROL NUMBER
System control number (Sirsi) u155192
041 0# - LANGUAGE CODE
Language code of text/sound track or separate title eng
110 2# - MAIN ENTRY--CORPORATE NAME
Corporate name or jurisdiction name as entry element Markit
9 (RLIN) 5915
245 00 - TITLE STATEMENT
Title Snow causes major disruption in German construction sector
Medium [electronic resource]
260 ## - PUBLICATION, DISTRIBUTION, ETC.
Date of publication, distribution, etc. 2012
490 ## - SERIES STATEMENT
Series statement Markit News Release
Volume/sequential designation 6 March 2012
520 ## - SUMMARY, ETC.
Summary, etc. Markit Germany Construction PMI key points are: sharpest drop in activity since weather-related downturn two years ago; civil engineering activity falls at record pace; employment down for first time in 14 months.
590 ## - LOCAL NOTE (RLIN)
Local note KA
651 #4 - SUBJECT ADDED ENTRY--GEOGRAPHIC NAME
Geographic name Germany
Chronological subdivision 1990-
690 ## - LOCAL SUBJECT ADDED ENTRY--TOPICAL TERM (OCLC, RLIN)
Topical term or geographic name as entry element Construction management
9 (RLIN) 6230
856 40 - ELECTRONIC LOCATION AND ACCESS
Uniform Resource Identifier <a href="https://www.markiteconomics.com/MarkitFiles/Pages/ViewPressRelease.aspx?ID=9283">https://www.markiteconomics.com/MarkitFiles/Pages/ViewPressRelease.aspx?ID=9283</a>
Public note View this item free of charge at www.markiteconomics.com
942 ## - ADDED ENTRY ELEMENTS (KOHA)
Suppress in OPAC 0
Holdings
Withdrawn status Lost status Source of classification or shelving scheme Damaged status Not for loan Home library Current library Shelving location Date acquired Total Checkouts Full call number Barcode Date last seen Copy number Price effective from Koha item type
    Dewey Decimal Classification     Virtual Virtual Online 09/03/2012   ONLINE PUBLICATION 155192-2001 06/08/2019 1 06/08/2019 Book